Estatísticas para Morangos com Açúcar T4

Clique aqui para jogar o quiz

Estatísticas Gerais

  • Esse quiz foi jogado 15 vezes
  • A pontuação média é 6 de 15

Estatísticas das Respostas

HintResposta% Correto
Como se chamam os protagonistas?Sofia e André
88%
Qual o desporto praticado pelo Sam?Natação
75%
Qual o novo nome do bar do Fred?Bar Azul
63%
Quem é o professor de matemática?Paulo
63%
Quem é o presidente do colégio?Rui
63%
Quem é a nova dona do bar?Adriana
50%
Quem é o presidente dos navegantes?David
38%
A Becas muda da escola dos navegantes para que curso?Jornalismo
38%
Qual o nome do grupo composto pelo Manel, Natasha,Angelina e Duarte?Quatro em linha
38%
Quem é a professora de educação física?Teresa
38%
Qual a particularidade especial da professora Julieta?Distraída
25%
Quem é o professor de física química?Ravina
25%
Com se chama o jornal onde trabalham os pais do protagonista?Factual
13%
Depois de a Maria José ser atropelada quem é a nova diretora?Vitória
13%
Qual o nome do bar da série de verão?Xavibar
0%

Distribuição das Pontuações

Percentil de Números Respondidos

Porcentagem de Pessoas com Cada Pontuação

Sua Pontuação Histórica

Você não jogou esse quiz